Astri amari: per un'astrologia transfemminista /

-д хадгалсан:
Номзүйн дэлгэрэнгүй
Үндсэн зохиолч: Astri Amari
Бусад зохиолчид: Borghi, Rachele
Формат: Ном
Хэл сонгох:итали
Хэвлэсэн: [Roma] : Effequ, ©2023
Цуврал:Saggi pop ; 75
Нөхцлүүд:
Шошгууд: Шошго нэмэх
Шошго байхгүй, Энэхүү баримтыг шошголох эхний хүн болох!

MARC

LEADER 00000nam a22000007i 4500
001 IT\ICCU\UBO\4721213
003 ItRI
005 20260115232213.0
008 230710s2023 it |||||| ||||| |||||c
020 |a 9791280263599 
040 |b ita  |c importazione bologna sebina 
041 7 |a ita  |2 ISO-639-2 
082 |a 133.5  |9 ASTROLOGIA  |2 23 
100 0 |a Astri Amari  |0 IT\ICCU\UBOV\088590 
240 1 0 |a Astri amari: per un'astrologia transfemminista  |3 IT\ICCU\UBO\4721216  |9 Astri Amari 
245 1 0 |a Astri amari: per un'astrologia transfemminista /  |c Astri Amari ; [prefazione di Rachele Borghi]. 
260 |a [Roma] :  |b Effequ,  |c ©2023 
300 |a 243 p. ;  |c 19 cm  
500 |a Autore della prefazione  |0 IT\ICCU\UBOV\755055 
650 7 |a Astrologia 
700 1 |a Borghi, Rachele  |0 IT\ICCU\UBOV\755055 
830 0 |a Saggi pop ;  |v 75  |0 IT\ICCU\BVE\0490529 
942 |2 ddc  |c BK  |n 0 
952 |0 0  |1 0  |4 0  |6 DOC_133_500000000000000_AST  |7 0  |9 21928  |a BO  |b BO  |d 2026-01-15  |i 20262  |l 0  |o DOC 133.5 AST  |p BO20262  |r 2026-01-15 23:22:13  |w 2026-01-15  |x [Sebina 5] [1 v.]  |y BK  |z 1 v. 
999 |c 18746  |d 18746